Normal view
MARC view
Entry Personal Name
001 - CONTROL NUMBER
- control field: 6061
003 - CONTROL NUMBER IDENTIFIER
- control field: OSt
005 - DATE AND TIME OF LATEST TRANSACTION
- control field: 20151110131058.0
008 - FIXED-LENGTH DATA ELEMENTS
- fixed length control field: 151110|| aca||aabn | a|a d
040 ## - CATALOGING SOURCE
- Original cataloging agency: OSt
- Transcribing agency: OSt
100 ## - HEADING--PERSONAL NAME
- Personal name: Husband, Sally;Hamilton-Brown;Barber ,Gillian;
670 ## - SOURCE DATA FOUND
- Source citation: Work cat.: (OSt): Husband, Sally;Hamilton-Brown;Barber ,Gillian; , Nursing and Midwifery:, 2006
